[Event "Roquetas de Mar op 27th"]
[Site "Roquetas de Mar"]
[Date "2016.01.04"]
[Round "4"]
[White "Valmana Canto, Jaime"]
[Black "Cuenca Jimenez, Jose Fernando"]
[Result "0-1"]
[WhiteElo "2431"]
[BlackElo "2514"]
[PlyCount "204"]
[EventDate "2016.01.02"]
[EventType "swiss"]
[EventRounds "9"]
[EventCountry "ESP"]
[SourceTitle "CBM 170 Extra"]
[Source "ChessBase"]
[SourceDate "2016.02.25"]
[SourceVersion "1"]
[SourceVersionDate "2016.02.25"]
[SourceQuality "1"]

1. e4 e5 2. Nf3 Nc6 3. Bb5 Nf6 4. d3 d6 5. O-O Bd7 6. c3 g6 7. Nbd2 Bg7 8. Re1
O-O 9. a4 Nh5 10. Nb3 a5 11. d4 exd4 12. cxd4 Nb4 13. d5 c6 14. dxc6 bxc6 15.
Bf1 Bg4 16. Be2 c5 17. h3 Bxf3 18. Bxf3 c4 19. Nd2 Rc8 20. Bxh5 gxh5 21. Nf1 c3
22. bxc3 Bxc3 23. Ra3 Bxe1 24. Rg3+ Kh8 25. Bb2+ f6 26. Qxe1 Rc2 27. Qa1 Rc6
28. Rf3 d5 29. e5 d4 30. exf6 Nc2 31. Qd1 Rfxf6 32. Rxf6 Qxf6 33. Ne3 Nxe3 34.
fxe3 Kg8 35. Bxd4 Qf5 36. Qb3+ Qe6 37. Qb8+ Rc8 38. Qg3+ Qg6 39. Qe5 Qb1+ 40.
Kf2 Rf8+ 41. Kg3 Qb8 42. Qxb8 Rxb8 43. Bc3 Rb3 44. Bxa5 Rxe3+ 45. Kf4 Ra3 46.
Kg5 Rxa4 47. Bd8 h4 48. Kh5 Ra2 49. Bxh4 Rxg2 50. Bf6 Kf7 51. Bh8 Rg6 52. h4
Ke6 53. Bc3 Kf5 54. Bd4 Rc6 55. Bb2 Ra6 56. Bc3 Rg6 57. Bb2 Ke6 58. Bc3 Kf7 59.
Bb2 h6 60. Bc3 Rc6 61. Bb2 Kg8 62. Kg4 Rc4+ 63. Kh5 Kh7 64. Ba3 Ra4 65. Bb4 Ra2
66. Bc3 Rc2 67. Bd4 Re2 68. Bc3 Rc2 69. Bd4 Rd2 70. Be3 Rd5+ 71. Kg4 Kg6 72.
Bf4 Ra5 73. Be3 Ra4+ 74. Bf4 Ra5 75. Be3 Ra4+ 76. Bf4 h5+ 77. Kf3 Kf5 78. Bg5
Ra3+ 79. Ke2 Ke4 80. Kf2 Rf3+ 81. Ke2 Rf7 82. Bd8 Ra7 83. Kf2 Ra2+ 84. Kg3 Ra3+
85. Kf2 Ra2+ 86. Kg3 Ke3 87. Bb6+ Ke2 88. Kf4 Ra6 89. Bd8 Rg6 90. Bg5 Kf2 91.
Kf5 Rg8 92. Kf4 Rf8+ 93. Ke5 Kf3 94. Ke6 Ke4 95. Be7 Rf5 96. Bd6 Ra5 97. Be7
Ra6+ 98. Kf7 Kf5 99. Bg5 Ra7+ 100. Kf8 Kg4 101. Bf6 Kg3 102. Bg5 Ra4 0-1

[Event "Roquetas de Mar op 27th"]
[Site "Roquetas de Mar"]
[Date "2016.01.04"]
[Round "5"]
[White "Cuenca Jimenez, Jose Fernando"]
[Black "Forcen Esteban, Daniel"]
[Result "1/2-1/2"]
[WhiteElo "2514"]
[BlackElo "2555"]
[PlyCount "39"]
[EventDate "2016.01.02"]
[EventType "swiss"]
[EventRounds "9"]
[EventCountry "ESP"]
[SourceTitle "CBM 170 Extra"]
[Source "ChessBase"]
[SourceDate "2016.02.25"]
[SourceVersion "1"]
[SourceVersionDate "2016.02.25"]
[SourceQuality "1"]

1. c4 e5 2. g3 Nc6 3. Bg2 Bc5 4. Nc3 a6 5. e3 d6 6. Nf3 Ba7 7. d4 Nf6 8. dxe5
Nxe5 9. Nxe5 dxe5 10. Qxd8+ Kxd8 11. b3 c6 12. Ba3 Ke8 13. h3 Be6 14. g4 h6 15.
O-O-O Rd8 16. Rhe1 Bb8 17. Kc2 g5 18. Ne4 Nxe4 19. Bxe4 h5 20. f3 1/2-1/2

[Event "Roquetas de Mar op 27th"]
[Site "Roquetas de Mar"]
[Date "2016.01.05"]
[Round "6"]
[White "Grigoryan, Karen H"]
[Black "Cuenca Jimenez, Jose Fernando"]
[Result "1-0"]
[WhiteElo "2602"]
[BlackElo "2514"]
[PlyCount "87"]
[EventDate "2016.01.02"]
[EventType "swiss"]
[EventRounds "9"]
[EventCountry "ESP"]
[SourceTitle "CBM 170 Extra"]
[Source "ChessBase"]
[SourceDate "2016.02.25"]
[SourceVersion "1"]
[SourceVersionDate "2016.02.25"]
[SourceQuality "1"]

1. e4 e5 2. Nf3 Nc6 3. Bc4 Bc5 4. c3 Nf6 5. d3 a6 6. O-O d6 7. Bb3 Ba7 8. Nbd2
h6 9. Re1 O-O 10. Nf1 Be6 11. Bc2 Re8 12. Ng3 d5 13. Qe2 b5 14. exd5 Bxd5 15.
h3 Qd7 16. Nh4 b4 17. Ne4 Qe6 18. Ba4 bxc3 19. bxc3 g5 20. Qf3 Bxe4 21. dxe4
gxh4 22. Bb3 Qe7 23. Bxh6 Rad8 24. Qf5 Kh8 25. Bg5 Kg7 26. Rad1 Bc5 27. Bxh4
Rh8 28. Bg5 Na5 29. Bd5 c6 30. Rd3 Rd6 31. Rg3 Kf8 32. Rb1 Qd8 33. Rf3 Rh5 34.
Bxf7 Kxf7 35. Qxe5 Rd1+ 36. Rxd1 Qxd1+ 37. Kh2 Be7 38. Rxf6+ Bxf6 39. Qxf6+ Kg8
40. Qe6+ Kf8 41. Be7+ Kg7 42. Qf6+ Kh7 43. Qf7+ Kh6 44. Bf8+ 1-0

[Event "Roquetas de Mar op 27th"]
[Site "Roquetas de Mar"]
[Date "2016.01.05"]
[Round "7"]
[White "Cuenca Jimenez, Jose Fernando"]
[Black "Nikolov, Momchil"]
[Result "1/2-1/2"]
[WhiteElo "2514"]
[BlackElo "2541"]
[PlyCount "54"]
[EventDate "2016.01.02"]
[EventType "swiss"]
[EventRounds "9"]
[EventCountry "ESP"]
[SourceTitle "CBM 170 Extra"]
[Source "ChessBase"]
[SourceDate "2016.02.25"]
[SourceVersion "1"]
[SourceVersionDate "2016.02.25"]
[SourceQuality "1"]

1. d4 Nf6 2. c4 e6 3. Nc3 Bb4 4. Qc2 c5 5. dxc5 O-O 6. Nf3 Na6 7. g3 Nxc5 8.
Bg2 d6 9. O-O Bd7 10. Bf4 e5 11. Be3 Bxc3 12. Qxc3 Qc7 13. Rac1 a5 14. Rfd1 h6
15. Nd2 Rab8 16. b3 Bg4 17. f3 Be6 18. Bf2 b6 19. e4 Nh7 20. a3 Rfc8 21. Nf1 a4
22. bxa4 Ra8 23. Ne3 Nf6 24. Nd5 Nxd5 25. cxd5 Bd7 26. Rb1 Rxa4 27. Qb2 Rb8
1/2-1/2

[Event "Roquetas de Mar op 27th"]
[Site "Roquetas de Mar"]
[Date "2016.01.06"]
[Round "8"]
[White "Collins, Sam E"]
[Black "Cuenca Jimenez, Jose Fernando"]
[Result "0-1"]
[WhiteElo "2459"]
[BlackElo "2514"]
[PlyCount "86"]
[EventDate "2016.01.02"]
[EventType "swiss"]
[EventRounds "9"]
[EventCountry "ESP"]
[SourceTitle "CBM 170 Extra"]
[Source "ChessBase"]
[SourceDate "2016.02.25"]
[SourceVersion "1"]
[SourceVersionDate "2016.02.25"]
[SourceQuality "1"]

1. e4 e6 2. d4 d5 3. Nc3 Nf6 4. e5 Nfd7 5. f4 c5 6. Nf3 Nc6 7. Be3 Qb6 8. Na4
Qc7 9. Be2 cxd4 10. Nxd4 a6 11. Bf3 b5 12. Nc3 Nxd4 13. Bxd4 Bc5 14. O-O O-O
15. Kh1 b4 16. Ne2 a5 17. Bxc5 Nxc5 18. Nd4 Ba6 19. Re1 g6 20. Qd2 Qb6 21. f5
exf5 22. Bxd5 Rad8 23. Qh6 Ne6 24. Bxe6 fxe6 25. Nf3 Bb7 26. Ng5 Rd7 27. Re2
Bd5 28. Rae1 Qd4 29. h4 Qg4 30. Kh2 Rc8 31. Rf2 Rc4 32. g3 Rdc7 33. Ree2 Rd4
34. Re1 Rd1 35. Nf3 Bxf3 36. Rxd1 Bxd1 37. Qd2 Rf7 38. Qd8+ Kg7 39. Rd2 f4 40.
Rxd1 Qxg3+ 41. Kh1 f3 42. Qg5 Qh3+ 43. Kg1 f2# 0-1

[Event "Capablanca Memorial op 51st"]
[Site "Varadero"]
[Date "2016.06.09"]
[Round "1"]
[White "Cuenca Jimenez, Jose Fernando"]
[Black "Martinez Ramirez, Lennis"]
[Result "1-0"]
[WhiteElo "2518"]
[BlackElo "2360"]
[PlyCount "77"]
[EventDate "2016.06.09"]
[EventType "swiss"]
[EventRounds "10"]
[EventCountry "CUB"]
[SourceTitle "EXT 2017"]
[Source "ChessBase"]
[SourceDate "2016.10.25"]
[SourceVersion "1"]
[SourceVersionDate "2016.10.25"]
[SourceQuality "1"]

1. Nf3 Nf6 2. c4 c5 3. Nc3 Nc6 4. d4 cxd4 5. Nxd4 e5 6. Ndb5 d6 7. e4 a6 8. Na3
Be6 9. Bd3 Be7 10. O-O O-O 11. Nd5 Nd7 12. Nxe7+ Qxe7 13. Nc2 Nc5 14. b3 Rab8
15. Bb2 b5 16. cxb5 axb5 17. Ne3 Qb7 18. Rc1 Rfd8 19. Bb1 Ne7 20. Qf3 Ng6 21.
Rfd1 Rbc8 22. g3 Ne7 23. Qg2 Qb6 24. Rd2 Na6 25. Rcd1 Rc5 26. h4 b4 27. Bd3 Nc7
28. Bc4 Nb5 29. Bxe6 fxe6 30. Nc4 Qc7 31. Qh3 Kf7 32. Bxe5 Ng6 33. Nxd6+ Nxd6
34. Bxd6 Rxd6 35. Rxd6 Qc8 36. Rd7+ Ne7 37. Qg4 Qe8 38. Qf4+ Kg6 39. Qd6 1-0

[Event "Capablanca Memorial op 51st"]
[Site "Varadero"]
[Date "2016.06.10"]
[Round "2"]
[White "Docampo Beltran, Dexter"]
[Black "Cuenca Jimenez, Jose Fernando"]
[Result "0-1"]
[WhiteElo "2404"]
[BlackElo "2518"]
[PlyCount "137"]
[EventDate "2016.06.09"]
[EventType "swiss"]
[EventRounds "10"]
[EventCountry "CUB"]
[SourceTitle "EXT 2017"]
[Source "ChessBase"]
[SourceDate "2016.10.25"]
[SourceVersion "1"]
[SourceVersionDate "2016.10.25"]
[SourceQuality "1"]

1. c4 Nf6 2. g3 g6 3. Bg2 Bg7 4. Nc3 O-O 5. e4 d6 6. Nge2 e5 7. O-O Nc6 8. d3
Nh5 9. Be3 Be6 10. Nd5 Qd7 11. b4 f5 12. exf5 Bxf5 13. b5 Nd8 14. Bg5 Kh8 15.
Qd2 c6 16. bxc6 bxc6 17. Nb4 a5 18. Bxd8 axb4 19. Bg5 Ra4 20. Rab1 c5 21. Rb3
Bh3 22. Bxh3 Qxh3 23. Be7 Rc8 24. a3 Qd7 25. Bg5 Rxa3 26. Rxa3 bxa3 27. Nc3 Ra8
28. Ra1 e4 29. dxe4 Qb7 30. Bh6 Be5 31. Qc1 Qb3 32. Bd2 a2 33. Be1 Nf6 34. Qd2
Kg7 35. f3 Qxc4 36. Qb2 Qb4 37. Rxa2 Bd4+ 38. Kh1 Qxb2 39. Rxb2 Ra1 40. Rb7+
Kg8 41. Nb1 d5 42. exd5 Nxd5 43. Kg2 Nb4 44. Bxb4 Rxb1 45. Bxc5 Rg1+ 46. Kh3
Bxc5 47. Rb8+ Kf7 48. Rb7+ Be7 49. Rb2 Rc1 50. Ra2 Rb1 51. Rc2 h6 52. Ra2 Rb6
53. Rc2 Bf6 54. Ra2 h5 55. Re2 Kg7 56. Ra2 Rb2 57. Rxb2 Bxb2 58. g4 Kh6 59. f4
Bc1 60. Kg3 h4+ 61. Kf3 Kg7 62. g5 Kf7 63. Kg4 Ke6 64. h3 Bd2 65. f5+ gxf5+ 66.
Kxh4 Kf7 67. Kh5 Kg7 68. h4 Bc1 69. g6 0-1

[Event "Capablanca Memorial op 51st"]
[Site "Varadero"]
[Date "2016.06.11"]
[Round "3"]
[White "Cuenca Jimenez, Jose Fernando"]
[Black "Diaz Perez, Michel Alejandro"]
[Result "1-0"]
[WhiteElo "2518"]
[BlackElo "2404"]
[PlyCount "97"]
[EventDate "2016.06.09"]
[EventType "swiss"]
[EventRounds "10"]
[EventCountry "CUB"]
[SourceTitle "EXT 2017"]
[Source "ChessBase"]
[SourceDate "2016.10.25"]
[SourceVersion "1"]
[SourceVersionDate "2016.10.25"]
[SourceQuality "1"]

1. c4 e5 2. Nc3 Nf6 3. Nf3 Nc6 4. g3 d5 5. cxd5 Nxd5 6. Bg2 Nb6 7. O-O Be7 8.
a3 O-O 9. b4 Be6 10. Rb1 f6 11. d3 a5 12. b5 Nd4 13. Nd2 Qc8 14. e3 Nf5 15. Qc2
Nd6 16. Rd1 Bh3 17. Bh1 f5 18. Nf3 Bf6 19. Ne2 a4 20. Bb2 Re8 21. Qc5 Bg4 22.
Rdc1 Re7 23. Nc3 Qe6 24. Nd2 Kh8 25. Ba1 Rf8 26. Rb4 Bg5 27. Nxa4 Nxa4 28. Rxa4
f4 29. exf4 Bxf4 30. Bc3 Qh6 31. gxf4 Qg6 32. Bg2 exf4 33. Kh1 f3 34. Bf1 Rf5
35. Ra8+ Re8 36. Rxe8+ Nxe8 37. Qe7 h6 38. Re1 Nd6 39. Re6 Qg5 40. Qxg5 Rxg5
41. Re5 Nxb5 42. Rxg5 hxg5 43. Bb2 Bh5 44. h3 g4 45. hxg4 Bxg4 46. Kh2 Nd6 47.
Kg3 Bh5 48. Nxf3 Nf5+ 49. Kf4 1-0

[Event "Capablanca Memorial op 51st"]
[Site "Varadero"]
[Date "2016.06.12"]
[Round "4"]
[White "Albornoz Cabrera, Carlos Daniel"]
[Black "Cuenca Jimenez, Jose Fernando"]
[Result "1/2-1/2"]
[WhiteElo "2471"]
[BlackElo "2518"]
[PlyCount "72"]
[EventDate "2016.06.09"]
[EventType "swiss"]
[EventRounds "10"]
[EventCountry "CUB"]
[SourceTitle "EXT 2017"]
[Source "ChessBase"]
[SourceDate "2016.10.25"]
[SourceVersion "1"]
[SourceVersionDate "2016.10.25"]
[SourceQuality "1"]

1. Nf3 Nf6 2. c4 g6 3. Nc3 Bg7 4. e4 d6 5. d4 O-O 6. Be2 e5 7. O-O Nc6 8. d5
Ne7 9. b4 a5 10. Ba3 axb4 11. Bxb4 b6 12. a4 Re8 13. Nd2 c5 14. dxc6 Nxc6 15.
Ba3 Nd4 16. Nb5 Nxb5 17. cxb5 Bb7 18. Bf3 d5 19. Re1 dxe4 20. Nxe4 Bxe4 21.
Qxd8 Rexd8 22. Bxe4 Rxa4 23. Be7 Rxa1 24. Rxa1 Re8 25. Ra8 Rxa8 26. Bxa8 Nd7
27. Bc6 Nc5 28. Bxc5 bxc5 29. b6 Bf8 30. Bd5 Kg7 31. Kf1 f5 32. Ke2 e4 33. f3
exf3+ 34. Bxf3 Kf6 35. Kd3 Bd6 36. h3 Ke5 1/2-1/2

[Event "Capablanca Memorial op 51st"]
[Site "Varadero"]
[Date "2016.06.13"]
[Round "5"]
[White "Cuenca Jimenez, Jose Fernando"]
[Black "Fernandez Guillen, Ernesto J"]
[Result "1/2-1/2"]
[WhiteElo "2518"]
[BlackElo "2393"]
[PlyCount "106"]
[EventDate "2016.06.09"]
[EventType "swiss"]
[EventRounds "10"]
[EventCountry "CUB"]
[SourceTitle "EXT 2017"]
[Source "ChessBase"]
[SourceDate "2016.10.25"]
[SourceVersion "1"]
[SourceVersionDate "2016.10.25"]
[SourceQuality "1"]

1. c4 Nf6 2. Nc3 e6 3. e4 d5 4. e5 d4 5. exf6 dxc3 6. fxg7 cxd2+ 7. Qxd2 Qxd2+
8. Bxd2 Bxg7 9. O-O-O O-O 10. Nf3 Nc6 11. Bd3 e5 12. Be4 Be6 13. b3 f6 14. Bc3
Rad8 15. Nh4 f5 16. Bxc6 bxc6 17. Nf3 e4 18. Bxg7 Kxg7 19. Nd4 Bd7 20. Rhe1 c5
21. Ne2 Bc6 22. Nf4 Kf6 23. Rxd8 Rxd8 24. Kc2 a5 25. Re3 Ke5 26. Ne2 Rg8 27.
f4+ Ke6 28. Rg3 Rxg3 29. Nxg3 Be8 30. Nf1 Bd7 31. Ne3 Kd6 32. Kd2 h5 33. g3 Be6
34. Ke2 Kc6 35. Kf1 Kd6 36. Ke2 Kc6 37. Kf2 Kd6 38. h3 Ke7 39. Nd1 Bd7 40. Nc3
Bc6 41. Ke3 Kf6 42. Nd1 Kg6 43. Nf2 Bd7 44. g4 fxg4 45. hxg4 Bxg4 46. Nxe4 h4
47. Nxc5 Kf5 48. Ne4 Be2 49. Nf2 Bf1 50. Kf3 h3 51. Kg3 h2 52. Kxh2 Kxf4 53.
Nd1 a4 1/2-1/2

[Event "Capablanca Memorial op 51st"]
[Site "Varadero"]
[Date "2016.06.15"]
[Round "6"]
[White "Forgas Moreno, Yaniela"]
[Black "Cuenca Jimenez, Jose Fernando"]
[Result "0-1"]
[WhiteElo "2260"]
[BlackElo "2518"]
[PlyCount "168"]
[EventDate "2016.06.09"]
[EventType "swiss"]
[EventRounds "10"]
[EventCountry "CUB"]
[SourceTitle "EXT 2017"]
[Source "ChessBase"]
[SourceDate "2016.10.25"]
[SourceVersion "1"]
[SourceVersionDate "2016.10.25"]
[SourceQuality "1"]

1. e4 e6 2. d4 d5 3. Nc3 Nf6 4. e5 Nfd7 5. f4 c5 6. Nf3 Nc6 7. Be3 Qb6 8. Na4
Qc7 9. Nxc5 Nxd4 10. Bxd4 Nxc5 11. Be2 Be7 12. O-O O-O 13. Rc1 a5 14. Qd2 b6
15. Qe3 Ba6 16. Nd2 Bxe2 17. Qxe2 Qc6 18. Kh1 b5 19. Nf3 Rac8 20. c3 Qb7 21.
Be3 Ne4 22. Nd4 Bc5 23. Nb3 Bxe3 24. Qxe3 a4 25. Nd2 Nxd2 26. Qxd2 g6 27. a3
Rc4 28. Qf2 f6 29. Qg3 Qf7 30. Kg1 Re4 31. exf6 Qxf6 32. Rce1 Qf5 33. Rxe4 dxe4
34. Re1 e5 35. fxe5 Re8 36. Rf1 Qxe5 37. Qxe5 Rxe5 38. Re1 Kf7 39. Kf2 Ke6 40.
Ke3 Rh5 41. h3 Rd5 42. c4 bxc4 43. Rc1 Ke5 44. Rxc4 Rd3+ 45. Ke2 Rb3 46. Rxa4
Rxb2+ 47. Ke3 Rb3+ 48. Kf2 Kf4 49. g3+ Ke5 50. Ra7 Rf3+ 51. Kg2 Kd4 52. Rxh7
Rxa3 53. g4 Ke3 54. h4 Kf4 55. h5 Ra2+ 56. Kf1 g5 57. h6 Kxg4 58. Re7 Kf3 59.
Rf7+ Ke3 60. h7 Rh2 61. Rg7 Kf4 62. Rf7+ Kg3 63. Re7 Kf4 64. Rf7+ Ke5 65. Re7+
Kf5 66. Rf7+ Ke6 67. Ra7 Kf6 68. Kg1 Rh3 69. Kg2 g4 70. Ra6+ Kf5 71. Ra7 Kf4
72. Rf7+ Ke3 73. Kf1 Rh2 74. Rg7 Rh5 75. Rxg4 Rh1+ 76. Rg1 Rxh7 77. Rg3+ Kd2
78. Rg2+ Kd3 79. Ra2 Rh1+ 80. Kg2 Rd1 81. Ra3+ Ke2 82. Ra2+ Rd2 83. Ra1 e3 84.
Rb1 Ra2 0-1

[Event "Lueneburg op-A"]
[Site "Lueneburg"]
[Date "2016.07.01"]
[Round "1"]
[White "Cuenca Jimenez, Jose Fernando"]
[Black "Von Estorff, Jacob"]
[Result "1-0"]
[WhiteElo "2525"]
[BlackElo "1886"]
[PlyCount "65"]
[EventDate "2016.07.01"]
[EventType "swiss"]
[EventRounds "9"]
[EventCountry "GER"]
[SourceTitle "CBM 173 Extra"]
[Source "ChessBase"]
[SourceDate "2016.08.29"]
[SourceVersion "1"]
[SourceVersionDate "2016.08.29"]
[SourceQuality "1"]

1. Nf3 d5 2. d4 Nf6 3. c4 e6 4. g3 c5 5. cxd5 exd5 6. Bg2 Nc6 7. O-O Ne4 8. Nc3
Nxc3 9. bxc3 h6 10. c4 Be6 11. cxd5 Bxd5 12. e4 Bc4 13. d5 Bxf1 14. Bxf1 Qd7
15. Qb3 Na5 16. Qc3 b6 17. Ne5 Qc7 18. Bb5+ Kd8 19. Bf4 Bd6 20. Nxf7+ Qxf7 21.
Bxd6 Nb7 22. Be5 Rf8 23. f4 g5 24. Rf1 g4 25. Bc6 Rc8 26. Bg7 Nd6 27. Bxf8 Qxf8
28. Re1 Kc7 29. a4 a5 30. Qd3 h5 31. Qa6 Rb8 32. Qa7+ Nb7 33. Rb1 1-0

[Event "Lueneburg op-A"]
[Site "Lueneburg"]
[Date "2016.07.02"]
[Round "2"]
[White "Sechting, Martin"]
[Black "Cuenca Jimenez, Jose Fernando"]
[Result "0-1"]
[WhiteElo "2054"]
[BlackElo "2525"]
[PlyCount "56"]
[EventDate "2016.07.01"]
[EventType "swiss"]
[EventRounds "9"]
[EventCountry "GER"]
[SourceTitle "CBM 173 Extra"]
[Source "ChessBase"]
[SourceDate "2016.08.29"]
[SourceVersion "1"]
[SourceVersionDate "2016.08.29"]
[SourceQuality "1"]

1. d4 Nf6 2. c4 g6 3. Nc3 Bg7 4. e4 d6 5. f4 c5 6. dxc5 Qa5 7. Bd3 Nfd7 8. Nge2
Nxc5 9. O-O Nc6 10. Bc2 O-O 11. a3 Bg4 12. e5 Ne6 13. f5 Ned4 14. f6 exf6 15.
exf6 Rfe8 16. Bd3 Bf8 17. Rf4 Qh5 18. Rf2 Ne5 19. Be3 Nxd3 20. Qxd3 Nxe2+ 21.
Nxe2 Qe5 22. h3 Bf5 23. Rxf5 Qxf5 24. Qxf5 gxf5 25. Kf2 Rac8 26. b3 d5 27. cxd5
Rc2 28. Kf3 Rxe2 0-1

[Event "Lueneburg op-A"]
[Site "Lueneburg"]
[Date "2016.07.02"]
[Round "3"]
[White "Cuenca Jimenez, Jose Fernando"]
[Black "Buck, Lars"]
[Result "1-0"]
[WhiteElo "2525"]
[BlackElo "2158"]
[PlyCount "121"]
[EventDate "2016.07.01"]
[EventType "swiss"]
[EventRounds "9"]
[EventCountry "GER"]
[SourceTitle "CBM 173 Extra"]
[Source "ChessBase"]
[SourceDate "2016.08.29"]
[SourceVersion "1"]
[SourceVersionDate "2016.08.29"]
[SourceQuality "1"]

1. Nf3 g6 2. c4 Bg7 3. d4 d6 4. g3 e5 5. Nc3 Nc6 6. d5 Nce7 7. e4 f6 8. Bg2 Bh6
9. O-O Bxc1 10. Rxc1 h5 11. b4 h4 12. Nxh4 g5 13. Nf5 Nxf5 14. exf5 Bxf5 15. f4
gxf4 16. gxf4 Qd7 17. fxe5 Qh7 18. Rxf5 Qxf5 19. exd6 cxd6 20. Qd4 Qe5 21.
Qxe5+ dxe5 22. Nb5 O-O-O 23. c5 Rh4 24. c6 bxc6 25. dxc6 a6 26. c7 axb5 27.
Bb7+ Kd7 28. cxd8=Q+ Kxd8 29. Rc8+ Ke7 30. Rxg8 Rxb4 31. Bd5 Rb2 32. Rg2 Rb1+
33. Kf2 Kd6 34. Be4 Rb4 35. Ke3 Ke6 36. Rf2 Ra4 37. Bf5+ Kd5 38. Bd3 Ke6 39.
Bxb5 Ra3+ 40. Bd3 f5 41. Rxf5 Rxa2 42. Rh5 Ra4 43. h3 Kf6 44. h4 Kg7 45. Rh7+
Kg8 46. Bg6 Rb4 47. h5 Ra4 48. Re7 Rb4 49. Kf3 Rf4+ 50. Kg3 Rb4 51. Bf5 Rb8 52.
Kg4 e4 53. Kg5 Kf8 54. Rxe4 Kg7 55. Re7+ Kh8 56. Kh6 Kg8 57. Be6+ Kf8 58. Rf7+
Ke8 59. Kg7 Rb1 60. Bf5 Rg1+ 61. Bg6 1-0

[Event "Lueneburg op-A"]
[Site "Lueneburg"]
[Date "2016.07.03"]
[Round "4"]
[White "Hess, Christian"]
[Black "Cuenca Jimenez, Jose Fernando"]
[Result "0-1"]
[WhiteElo "2231"]
[BlackElo "2525"]
[PlyCount "78"]
[EventDate "2016.07.01"]
[EventType "swiss"]
[EventRounds "9"]
[EventCountry "GER"]
[SourceTitle "CBM 173 Extra"]
[Source "ChessBase"]
[SourceDate "2016.08.29"]
[SourceVersion "1"]
[SourceVersionDate "2016.08.29"]
[SourceQuality "1"]

1. Nf3 Nf6 2. c4 g6 3. Nc3 Bg7 4. g3 O-O 5. Bg2 d6 6. O-O Nc6 7. d3 e5 8. Rb1
a5 9. a3 Re8 10. Nd2 Ne7 11. b4 axb4 12. axb4 d5 13. Qc2 Be6 14. cxd5 Nfxd5 15.
Nde4 Nxc3 16. Qxc3 Nd5 17. Qd2 h6 18. Bb2 b6 19. b5 Ra7 20. Ra1 Rxa1 21. Rxa1
Qd7 22. Nc3 Rc8 23. Nxd5 Bxd5 24. Bxd5 Qxd5 25. Qb4 c5 26. bxc6 Rxc6 27. Rc1
Bf8 28. Qh4 Rxc1+ 29. Bxc1 b5 30. Bd2 Qb3 31. Kg2 Qc2 32. Bb4 Qc6+ 33. f3 g5
34. Qg4 f5 35. Qxf5 Bxb4 36. Qxe5 Bf8 37. d4 b4 38. d5 Qd6 39. Qd4 b3 0-1

[Event "Lueneburg op-A"]
[Site "Lueneburg"]
[Date "2016.07.04"]
[Round "5"]
[White "Cuenca Jimenez, Jose Fernando"]
[Black "Vorobiov, Evgeny E"]
[Result "1/2-1/2"]
[WhiteElo "2525"]
[BlackElo "2584"]
[PlyCount "20"]
[EventDate "2016.07.01"]
[EventType "swiss"]
[EventRounds "9"]
[EventCountry "GER"]
[SourceTitle "CBM 173 Extra"]
[Source "ChessBase"]
[SourceDate "2016.08.29"]
[SourceVersion "1"]
[SourceVersionDate "2016.08.29"]
[SourceQuality "1"]

1. e4 c5 2. Nf3 Nc6 3. d4 cxd4 4. Nxd4 e6 5. Nc3 Qc7 6. Be3 a6 7. Bd3 Nf6 8.
O-O Nxd4 9. Bxd4 Bc5 10. Be2 d6 1/2-1/2

[Event "Lueneburg op-A"]
[Site "Lueneburg"]
[Date "2016.07.05"]
[Round "6"]
[White "Grabarczyk, Miroslaw"]
[Black "Cuenca Jimenez, Jose Fernando"]
[Result "0-1"]
[WhiteElo "2445"]
[BlackElo "2525"]
[PlyCount "121"]
[EventDate "2016.07.01"]
[EventType "swiss"]
[EventRounds "9"]
[EventCountry "GER"]
[SourceTitle "CBM 173 Extra"]
[Source "ChessBase"]
[SourceDate "2016.08.29"]
[SourceVersion "1"]
[SourceVersionDate "2016.08.29"]
[SourceQuality "1"]

1. d4 Nf6 2. c4 g6 3. Nf3 Bg7 4. g3 O-O 5. Bg2 d6 6. Nc3 c6 7. O-O Qb6 8. e4
Bg4 9. Rb1 Nfd7 10. Be3 c5 11. dxc5 dxc5 12. Nd5 Qd8 13. Qb3 b6 14. Qa4 e6 15.
Nc3 Bxf3 16. Bxf3 Ne5 17. Bg2 Qd7 18. Qxd7 Nbxd7 19. Rfd1 Rad8 20. Bg5 Bf6 21.
Bh6 Rfe8 22. Nb5 Nxc4 23. b3 Nce5 24. h3 Nc6 25. f4 Ndb8 26. e5 Rxd1+ 27. Rxd1
Rd8 28. Rxd8+ Bxd8 29. Kf2 f6 30. exf6 Bxf6 31. h4 Bg7 32. Bxg7 Kxg7 33. Ke3
Kf6 34. g4 a6 35. Nc3 Nd4 36. Bb7 Ke7 37. Ne2 Nb5 38. Ng3 Nd6 39. Bf3 Nd7 40.
Be2 Nf6 41. Bxa6 Nd5+ 42. Kf3 Nb4 43. Be2 Nxa2 44. h5 Nb4 45. h6 Nc6 46. Ke3
Nd4 47. Bd1 Nf7 48. g5 e5 49. Ne4 Ne6 50. fxe5 Nexg5 51. Nf6 Nxe5 52. Nd5+ Ke6
53. Nxb6 Ngf7 54. Na4 Kd6 55. Nc3 Nd7 56. Bg4 Nf6 57. Nb5+ Ke5 58. Be2 Nxh6 59.
Kd3 Nf5 60. Kc4 Ne4 61. Bd3 0-1

[Event "Lueneburg op-A"]
[Site "Lueneburg"]
[Date "2016.07.06"]
[Round "7"]
[White "Cuenca Jimenez, Jose Fernando"]
[Black "Gutman, Lev"]
[Result "1-0"]
[WhiteElo "2525"]
[BlackElo "2428"]
[PlyCount "99"]
[EventDate "2016.07.01"]
[EventType "swiss"]
[EventRounds "9"]
[EventCountry "GER"]
[SourceTitle "CBM 173 Extra"]
[Source "ChessBase"]
[SourceDate "2016.08.29"]
[SourceVersion "1"]
[SourceVersionDate "2016.08.29"]
[SourceQuality "1"]

1. e4 c5 2. Nf3 d6 3. Bb5+ Bd7 4. Bxd7+ Qxd7 5. c4 Nf6 6. Nc3 g6 7. d4 cxd4 8.
Nxd4 Bg7 9. f3 O-O 10. Be3 Nc6 11. O-O Qd8 12. Qd2 Nd7 13. Nde2 a6 14. Rac1 Qa5
15. Rfd1 Rfc8 16. b3 Rab8 17. Bg5 Re8 18. Kh1 Rbc8 19. a4 Qb6 20. Rb1 Nb4 21.
a5 Qc7 22. Nd5 Nxd5 23. exd5 Nf6 24. Re1 Nd7 25. Nd4 Nc5 26. b4 Nd7 27. Rbc1
Ne5 28. c5 dxc5 29. bxc5 Qd7 30. f4 Ng4 31. Nf3 f6 32. Bh4 Nh6 33. Bf2 Nf7 34.
Rcd1 Rcd8 35. Qb4 Qc8 36. Qb6 Rd7 37. Rd2 Red8 38. Red1 f5 39. Qe6 Kf8 40. Qb6
Bf6 41. h3 Kg8 42. Qb3 Qc7 43. Qb4 h6 44. c6 bxc6 45. Bb6 Rb8 46. Qc4 Rxb6 47.
axb6 Qxb6 48. dxc6 Rc7 49. Rc1 Kg7 50. Rd7 1-0

[Event "Lueneburg op-A"]
[Site "Lueneburg"]
[Date "2016.07.07"]
[Round "8"]
[White "Karpatchev, Aleksandr"]
[Black "Cuenca Jimenez, Jose Fernando"]
[Result "1/2-1/2"]
[WhiteElo "2489"]
[BlackElo "2525"]
[PlyCount "39"]
[EventDate "2016.07.01"]
[EventType "swiss"]
[EventRounds "9"]
[EventCountry "GER"]
[SourceTitle "CBM 173 Extra"]
[Source "ChessBase"]
[SourceDate "2016.08.29"]
[SourceVersion "1"]
[SourceVersionDate "2016.08.29"]
[SourceQuality "1"]

1. e4 e5 2. Nf3 Nc6 3. Bc4 Bc5 4. c3 Nf6 5. d4 exd4 6. e5 d5 7. Bb5 Ne4 8. cxd4
Bb6 9. Nc3 O-O 10. Be3 Bg4 11. h3 Bh5 12. Qc2 Bg6 13. Qb3 Ne7 14. Nh4 Nxc3 15.
bxc3 Be4 16. O-O h6 17. f4 f6 18. a4 c6 19. Be2 Rb8 20. Nf3 1/2-1/2